00641nam a2200205Ia 450000500170000000800410001702000300005804000190008804100120010708200140011910000240013324500900015726000460024730000150029350400500030865000190035865100220037770000250039985000110042420231202114835.0140110s9999 xx 000 0 und d a9788177083132cRs.1285.00 aLoreto College aEnglish a396 bMIS aMishra,Shyam Kartik aWomen Status and Empowerment in India, cShyam Kartik Mishra and Pradeep Kumar Pandey aNew DelhibNew Century Publicationsc2012 axxvi,276p  aIncludes bibliographical references and index aGender studies aWomen and society aPanday,Pradeep Kumar aLCLIB